|
|
|
|
| LEADER |
00000nam0a2200000 4500 |
| 001 |
236194 |
| 005 |
20231101231445.0 |
| 035 |
|
|
|a (RuTPU)RU\TPU\book\257343
|
| 090 |
|
|
|a 236194
|
| 100 |
|
|
|a 20130419d1969 k y0rusy50 ca
|
| 101 |
1 |
|
|a rus
|c eng
|
| 102 |
|
|
|a RU
|
| 105 |
|
|
|a a z 001zy
|
| 200 |
1 |
|
|a Использование радиоспектра
|e пер. с англ.
|f под ред. М. С. Гуревича
|
| 210 |
|
|
|a Москва
|c Связь
|d 1969
|
| 215 |
|
|
|a 272 с.
|c ил.
|
| 320 |
|
|
|a Библиогр.: с. 263-271.
|
| 606 |
1 |
|
|a Радиоспектры
|x Использование
|2 stltpush
|3 (RuTPU)RU\TPU\subj\23127
|9 47772
|
| 610 |
1 |
|
|a радиоволны
|
| 610 |
1 |
|
|a распространение
|
| 610 |
1 |
|
|a передающие устройства
|
| 610 |
1 |
|
|a антенные системы
|
| 610 |
1 |
|
|a приемные устройства
|
| 610 |
1 |
|
|a спектры
|
| 610 |
1 |
|
|a радиочастоты
|
| 675 |
|
|
|a 621.396
|v 3
|
| 702 |
|
1 |
|a Гуревич
|b М. С.
|g Моисей Сергеевич
|4 340
|
| 801 |
|
1 |
|a RU
|b 63413507
|c 20130419
|
| 801 |
|
2 |
|a RU
|b 63413507
|c 20131028
|g RCR
|
| 942 |
|
|
|c BK
|